000 00424nam a2200181Ia 4500
001 9366
005 20260306161713.0
008 260306t1992||||xx |||||||||||||| ||spa||
041 _aESP
082 _a378.155
_bB85
100 _aBrunner, José Joaquín
_eAUT
245 0 _aEstado, mercado y conocimiento
260 _c1992
300 _a278 páginas :
_c
650 _aGEN
654 _aCED
942 _cLIB
_dJUS
_fJUS
_2ddc
_n
999 _c9366
_d9366